Представление документа в формате MARC21

ПолеНазваниеЗначение
  Тип записи a
  Библиографический уровень m
001 Контрольный номер RU/URAIT/543254
003 Принадлежность контрольного номера https://urait.ru/bcode/543254
005 Дата корректировки 20240827112644.9
008 Кодируемые данные
020 Индекс ISBN __
a ISBN 978-5-534-13078-2
c Цена, тираж 619.00
040 Источник каталогиз. __
a Служба первич. каталог. ИКО Юрайт
b Код языка каталог. rus
c Служба, преобразующая запись ИКО Юрайт
041 Код языка издания 0_
a Код языка текста rus
044 Код страны публикации __
a Код страны публикации RU
073 _1
a 9785534130782
d 619.00
080 Индекс УДК __
a Индекс УДК 617.5089(075.8)
084 Индекс другой классификации/Индекс ББК __
a Индекс другой классификации/Индекс ББК 54.57я73
2 Источник индекса rubbk
091 Индексы/ коды __
a Индекс ББК (DOS) 54.57я73
z rubbk
100 Автор 1_
a Автор Кадыков В. А.
q Полное имя Виктор Алексеевич
230 __
a Электрон. дан.
245 Заглавие 00
a Заглавие Хирургия повреждений
b Продолж. заглавия учебное пособие
c Ответственность В. А. Кадыков, А. М. Морозов.
260 Выходные данные 1_
a Место издания Москва
b Издательство Юрайт
c Дата издания 2024
300 Физическое описание __
a Объем 154 с
440 Серия _0
a Серия Высшее образование
500 Примечания __
a Примечание URL: https://urait.ru/bcode/543254 (дата обращения: 27.08.2024).
520 Аннотация __
a Аннотация Курс содержит информацию по темам модуля «Хирургия повреждений», входящим в образовательную программу курса общей хирургии. Курс составлен в соответствии с ФГОС ВО по направлению подготовки (специальности) «Лечебное дело» и «Педиатрия». Предназначен для студентов медицинских вузов и колледжей.
538 Прим. о системных особенностях __
a Прим. о системных особенностях Режим доступа: Электронно-библиотечная система Юрайт, для авториз. пользователей
653 Ключевые слова 2_
a Ключевые слова Медицина. Здравоохранение
653 Ключевые слова 2_
a Ключевые слова Естественные науки
653 Ключевые слова 2_
a Ключевые слова Общая хирургия
653 Ключевые слова 2_
a Ключевые слова Хирургия повреждений
653 Ключевые слова 2_
a Ключевые слова Основы хирургии
653 Ключевые слова 2_
a Ключевые слова Хирургия
700 Другие авторы 1_
a Другие авторы Морозов А. М.
q Полное имя Артем Михайлович
856 Электронный адрес документа 40
n Местонахождение сервера Юрайт
g Электронная книга
q Тип электронного формата html
h Имя пользователя ЮРАЙТ
v Часы доступа к ресурсу 20251231
2 Способ доступа Показать документ
x Служебное примечание https://urait.ru/book/cover/7DD2543F-AADD-401A-A7D3-7FBBEFFBCAEE
u URL https://urait.ru/bcode/543254
856 Электронный адрес документа 41
q Тип электронного формата cover
u URL https://urait.ru/book/cover/7DD2543F-AADD-401A-A7D3-7FBBEFFBCAEE